banner-ar

الدين والثورة فى مصر 1952-1981 / (Record no. 52807)

MARC details
000 -الفاتح
حقل البيانات ثابتة الطول 01172nam a2200361Ia 4500
008 - عناصر البيانات ثابتة الطول - معلومات عامة
حقل البيانات ثابتة الطول 140319s9999 xx 000 0 ara d
040 ## - مصدر الفهرسة
وكالة الفهرسة الأصلية GCL /
وكالة النسخ GCL
082 04 - رقم تصنيف ديوى العشرى
رقم التصنيف 962.076
رقم المادة ح د
100 1# - المدخل الرئيسى - إسم شخصى
الإسم الشخصى حسن حنفى
245 10 - بيان العنوان
العنوان الدين والثورة فى مصر 1952-1981 /
بيان المسئوليه,etc حسن حنفى
250 ## - بيان الطبعة
بيان الطبعة الاولى
260 ## - PUBLICATION, DISTRIBUTION, ETC. (IMPRINT)
تاريخ النشر أو التوزيع 1988
300 ## - الوصف المادى
التعداد 8 مج ؛
أبعاد الوعاء 24 سم
490 ## - بيان السلسلة
عنوان السلسلة
650 04 - المدخل الاضافى بالموضوع-مصطلح موضوعى
مصطلح موضوعي مصر
650 04 - المدخل الاضافى بالموضوع-مصطلح موضوعى
مصطلح موضوعي الفلسفة الاسلامية
650 04 - المدخل الاضافى بالموضوع-مصطلح موضوعى
مصطلح موضوعي التصوف الاسلامى
650 04 - المدخل الاضافى بالموضوع-مصطلح موضوعى
مصطلح موضوعي النزاع العربى الاسرائيلى
650 04 - المدخل الاضافى بالموضوع-مصطلح موضوعى
مصطلح موضوعي الاخلاق الاسلامية
650 04 - المدخل الاضافى بالموضوع-مصطلح موضوعى
مصطلح موضوعي التصوف
650 04 - المدخل الاضافى بالموضوع-مصطلح موضوعى
مصطلح موضوعي الرأسمالية
650 04 - المدخل الاضافى بالموضوع-مصطلح موضوعى
مصطلح موضوعي الاشتراكية
650 04 - المدخل الاضافى بالموضوع-مصطلح موضوعى
مصطلح موضوعي الاحوال الاقتصادية
650 04 - المدخل الاضافى بالموضوع-مصطلح موضوعى
مصطلح موضوعي الاحوال الثقافية
650 04 - المدخل الاضافى بالموضوع-مصطلح موضوعى
مصطلح موضوعي الحياة الدينية
650 04 - المدخل الاضافى بالموضوع-مصطلح موضوعى
مصطلح موضوعي الوعى الاجتماعى
650 04 - المدخل الاضافى بالموضوع-مصطلح موضوعى
مصطلح موضوعي المستقبلية
650 04 - المدخل الاضافى بالموضوع-مصطلح موضوعى
مصطلح موضوعي القومية والدين
650 04 - المدخل الاضافى بالموضوع-مصطلح موضوعى
مصطلح موضوعي الاخوان المسلمون
650 04 - المدخل الاضافى بالموضوع-مصطلح موضوعى
مصطلح موضوعي جمال عبدالناصر
942 ## - عناصر المدخل الإضافي( كوها)
مصدر التصنيف او مخطط الترفيف Dewey Decimal Classification
Koha [default] item type كتاب
260 ## - PUBLICATION, DISTRIBUTION, ETC. (IMPRINT)
-- القاهرة :
-- مكتبة مدبولى ،
Holdings
حالة التراجع حالة الفقد حالة تلف ليس للاعارة المكان المؤقت الموقع الحالى تاريخ الاكتساب اجمالي اﻻعارات رقم الطلب الباركود تاريخ اخر مشاهدة تاريخ تفعيل السعر نوع وعاء كوها
        مكتبة القاهرة الكبرى مكتبة القاهرة الكبرى 03/26/2014   962.076\ح د 126630 03/26/2014 03/26/2014 كتاب
        مكتبة القاهرة الكبرى مكتبة القاهرة الكبرى 03/26/2014   962.076\ح د 126631 03/26/2014 03/26/2014 كتاب
        مكتبة القاهرة الكبرى مكتبة القاهرة الكبرى 03/26/2014   962.076\ح د 126632 03/26/2014 03/26/2014 كتاب
        مكتبة القاهرة الكبرى مكتبة القاهرة الكبرى 03/26/2014   962.076\ح د 126633 03/26/2014 03/26/2014 كتاب
        مكتبة القاهرة الكبرى مكتبة القاهرة الكبرى 03/26/2014   962.076\ح د 126634 03/26/2014 03/26/2014 كتاب
        مكتبة القاهرة الكبرى مكتبة القاهرة الكبرى 03/26/2014   962.076\ح د 126635 03/26/2014 03/26/2014 كتاب
        مكتبة القاهرة الكبرى مكتبة القاهرة الكبرى 03/26/2014   962.076\ح د 126636 03/26/2014 03/26/2014 كتاب
        مكتبة القاهرة الكبرى مكتبة القاهرة الكبرى 03/26/2014   962.076\ح د 126637 03/26/2014 03/26/2014 كتاب
        مكتبة القاهرة الكبرى مكتبة القاهرة الكبرى 03/26/2014   962.076\ح د 126638 03/26/2014 03/26/2014 كتاب
        مكتبة القاهرة الكبرى مكتبة القاهرة الكبرى 03/26/2014   962.076\ح د 126639 03/26/2014 03/26/2014 كتاب
        مكتبة القاهرة الكبرى مكتبة القاهرة الكبرى 03/26/2014   962.076\ح د 126640 03/26/2014 03/26/2014 كتاب
        مكتبة القاهرة الكبرى مكتبة القاهرة الكبرى 03/26/2014   962.076\ح د 126641 03/26/2014 03/26/2014 كتاب
        مكتبة القاهرة الكبرى مكتبة القاهرة الكبرى 03/26/2014   962.076\ح د 126642 03/26/2014 03/26/2014 كتاب
        مكتبة القاهرة الكبرى مكتبة القاهرة الكبرى 03/26/2014   962.076\ح د 126643 03/26/2014 03/26/2014 كتاب
        مكتبة القاهرة الكبرى مكتبة القاهرة الكبرى 03/26/2014   962.076\ح د 126644 03/26/2014 03/26/2014 كتاب
        مكتبة القاهرة الكبرى مكتبة القاهرة الكبرى 03/26/2014   962.076\ح د 126645 03/26/2014 03/26/2014 كتاب
        مكتبة القاهرة الكبرى مكتبة القاهرة الكبرى 03/26/2014   962.076\ح د 126646 03/26/2014 03/26/2014 كتاب
        مكتبة القاهرة الكبرى مكتبة القاهرة الكبرى 03/26/2014   962.076\ح د 126647 03/26/2014 03/26/2014 كتاب
        مكتبة القاهرة الكبرى مكتبة القاهرة الكبرى 03/26/2014   962.076\ح د 126648 03/26/2014 03/26/2014 كتاب
        مكتبة القاهرة الكبرى مكتبة القاهرة الكبرى 03/26/2014   962.076\ح د 126649 03/26/2014 03/26/2014 كتاب
        مكتبة القاهرة الكبرى مكتبة القاهرة الكبرى 03/26/2014   962.076\ح د 126650 03/26/2014 03/26/2014 كتاب
        مكتبة القاهرة الكبرى مكتبة القاهرة الكبرى 03/26/2014   962.076\ح د 126651 03/26/2014 03/26/2014 كتاب
        مكتبة القاهرة الكبرى مكتبة القاهرة الكبرى 03/26/2014   962.076\ح د 126652 03/26/2014 03/26/2014 كتاب
        مكتبة القاهرة الكبرى مكتبة القاهرة الكبرى 03/26/2014   962.076\ح د 126653 03/26/2014 03/26/2014 كتاب
        مكتبة القاهرة الكبرى مكتبة القاهرة الكبرى 03/26/2014   962.076\ح د 126654 03/26/2014 03/26/2014 كتاب
        مكتبة القاهرة الكبرى مكتبة القاهرة الكبرى 03/26/2014   962.076\ح د 126655 03/26/2014 03/26/2014 كتاب
        مكتبة القاهرة الكبرى مكتبة القاهرة الكبرى 03/26/2014   962.076\ح د 126656 03/26/2014 03/26/2014 كتاب
        مكتبة القاهرة الكبرى مكتبة القاهرة الكبرى 03/26/2014   962.076\ح د 126657 03/26/2014 03/26/2014 كتاب
        مكتبة القاهرة الكبرى مكتبة القاهرة الكبرى 03/26/2014   962.076\ح د 126658 03/26/2014 03/26/2014 كتاب
        مكتبة القاهرة الكبرى مكتبة القاهرة الكبرى 03/26/2014   962.076\ح د 126659 03/26/2014 03/26/2014 كتاب
        مكتبة القاهرة الكبرى مكتبة القاهرة الكبرى 03/26/2014   962.076\ح د 126660 03/26/2014 03/26/2014 كتاب
        مكتبة القاهرة الكبرى مكتبة القاهرة الكبرى 03/26/2014   962.076\ح د 126661 03/26/2014 03/26/2014 كتاب
        مكتبة القاهرة الكبرى مكتبة القاهرة الكبرى 03/26/2014   962.076\ح د 126662 03/26/2014 03/26/2014 كتاب
        مكتبة القاهرة الكبرى مكتبة القاهرة الكبرى 03/26/2014   962.076\ح د 126663 03/26/2014 03/26/2014 كتاب
        مكتبة القاهرة الكبرى مكتبة القاهرة الكبرى 03/26/2014   962.076\ح د 126664 03/26/2014 03/26/2014 كتاب
        مكتبة القاهرة الكبرى مكتبة القاهرة الكبرى 03/26/2014   962.076\ح د 126665 03/26/2014 03/26/2014 كتاب
        مكتبة القاهرة الكبرى مكتبة القاهرة الكبرى 03/26/2014   962.076\ح د 126666 03/26/2014 03/26/2014 كتاب
        مكتبة القاهرة الكبرى مكتبة القاهرة الكبرى 03/26/2014   962.076\ح د 126667 03/26/2014 03/26/2014 كتاب
        مكتبة القاهرة الكبرى مكتبة القاهرة الكبرى 03/26/2014   962.076\ح د 126668 03/26/2014 03/26/2014 كتاب
        مكتبة القاهرة الكبرى مكتبة القاهرة الكبرى 03/26/2014   962.076\ح د 126669 03/26/2014 03/26/2014 كتاب

Powered By

EGPV